| Tag |
First Indicator |
Second Indicator |
Subfields |
| LEADER |
00000cam a2200000Ia 4500 |
| 001 |
in00001651021 |
| 005 |
20151023103727.0 |
| 007 |
hd afa014baca |
| 008 |
980430s1984 dcu a f000 0 eng d |
| 035 |
|
|
|a (OCoLC)ocm39043551
|
| 040 |
|
|
|a HDB
|c HDB
|d UtOrBLW
|
| 043 |
|
|
|a n-us---
|
| 049 |
|
|
|a TXAM
|
| 090 |
|
|
|a JK1108
|b .M35 Suppl. 1983-84 reel 1, fr. 0805
|
| 099 |
|
|
|a Film
|a S
|a 1707
|a 1983-84, reel 1, fr. 0805
|
| 100 |
1 |
|
|a Vialet, Joyce C.
|
| 245 |
1 |
0 |
|a Immigration issues and legislation in the 98th Congress /
|c Joyce C. Vialet.
|
| 264 |
|
1 |
|a [Washington, DC] :
|b Library of Congress, Congressional Research Service,
|c 1984.
|
| 300 |
|
|
|a 20 pages ;
|c 28 cm.
|
| 336 |
|
|
|a text
|b txt
|2 rdacontent
|
| 337 |
|
|
|a microform
|b h
|2 rdamedia
|
| 338 |
|
|
|a microfilm reel
|b hd
|2 rdacarrier
|
| 500 |
|
|
|a Cover title.
|
| 500 |
|
|
|a "Updated 01/11/84."
|
| 500 |
|
|
|a "Issue brief number IB83087."
|
| 500 |
|
|
|a "Date originated 05/12/83."
|
| 500 |
|
|
|a "Education and Public Welfare Division."
|
| 504 |
|
|
|a Includes bibliographical references.
|
| 533 |
|
|
|a Microfilm.
|b Frederick, MD :
|c University Publications of America,
|d 1984.
|e on 1 microfilm reel ; 35 mm. Low reduction.
|f (Major studies and issue briefs of the Congressional Research Service. 1983-84 supplement ; reel 1, fr. 0805).
|
| 500 |
|
|
|a Microform.
|
| 650 |
|
0 |
|a Emigration and immigration law
|z United States.
|
| 650 |
|
0 |
|a Illegal aliens
|z United States.
|
| 650 |
|
0 |
|a Foreign workers
|z United States.
|
| 650 |
|
0 |
|a Refugees
|x Government policy
|z United States.
|
| 650 |
|
0 |
|a Asylum, Right of
|z United States.
|
| 710 |
2 |
|
|a Library of Congress.
|b Congressional Research Service.
|
| 830 |
|
0 |
|a Major studies and issue briefs of the Congressional Research Service.
|p Supplement ;
|v 1983-84, reel 1, fr. 0805.
|
| 994 |
|
|
|a 92
|b TXA
|
| 999 |
|
|
|a MARS
|
| 999 |
f |
f |
|s b4f162e3-23b4-3b49-bfe4-39d58f9ea5bb
|i 43471a61-75ef-3721-ac21-94fd08e9a0ed
|t 0
|
| 952 |
f |
f |
|p normal
|a Texas A&M University
|b College Station
|c Sterling C. Evans Library
|d Evans: Microforms (3rd floor)
|t 0
|e Film S 1707 1983-84, reel 1, fr. 0805
|h Other scheme
|i microform -- microfilm reel
|
| 998 |
f |
f |
|a Film S 1707 1983-84, reel 1, fr. 0805
|t 0
|l Evans: Microforms (3rd floor)
|